Validación de circuitos del laboratorio de electrónica de potencia
Gespeichert in:
| 1. Verfasser: | |
|---|---|
| Format: | Buch |
| Veröffentlicht: |
2006
|
| Schlagworte: | |
| Tags: |
Tag hinzufügen
Keine Tags, Fügen Sie den ersten Tag hinzu!
|
MARC
| LEADER | 00000nam a2200000Ia 4500 | ||
|---|---|---|---|
| 001 | 5316 | ||
| 003 | 009792 | ||
| 005 | 20221231144118.0 | ||
| 008 | 140114s2006 cr a m 000 ||s d | ||
| 040 | |c cru CEDI | ||
| 100 | |a Cruz Rodríguez, Octavio |9 2904 | ||
| 245 | |a Validación de circuitos del laboratorio de electrónica de potencia | ||
| 250 | |b [San José, C.R. : [editor no identificado] | ||
| 260 | |b 2006 | ||
| 300 | |a x, 117 hojas : ilustraciones | ||
| 500 | |a Proyecto de graduación (bachillerato en ingeniería eléctrica)--Universidad de Costa Rica. Facultad de Ingeniería. Escuela de Ingeniería Eléctrica | ||
| 650 | |x CONVERTIDORES DE CORRIENTE ELECTRICA |x TRANSFORMADORES ELECTRICOS |x SISTEMAS DE ENERGIA ELECTRICA |x TRANSMISION DE POTENCIA |9 5398 | ||
| 942 | |c TFG | ||
| 999 | |c 17076 |d 17076 | ||
